000 00563nam a2200181Ia 4500
008 090630s9999 xx 000 0 und d
082 _b12721
100 _aगोविलकर सु. र.
245 _aस्वप्ना.
_cगोविलकर सु. र.
260 _bनवचैतन्य.
_c1993
300 _a129
600 _aगोविलकर सु. र.
630 _aस्वप्ना.
655 _aलघुकथा.
700 _aगोविलकर सु. र.
730 _aस्वप्ना.
942 _cBOOK
999 _c264577
_d264577